000 01006pam a2200325 i 4500
001 6417
003 FISKH
005 20250429111559.0
008 771118s1978 nyua j 000 0 eng
010 _a 77025312
020 _a0688801390.
_a0688841392
040 _aDLC
_cDLC
_dDLC
_beng
050 _aQC924.K34
082 _a551.5781
100 1 _aKalan, Robert.
245 1 0 _aRain /
_cby Robert Kalan ; illustrated by Donald Crews.
250 _aFirst Scholastic printing, April 1993
260 _aNew York :
_bScholastic,
_c1978.
300 _a24 unnumbered pages :
_bcolor illustrations ;
_c21 x 25 cm.
505 _aA
520 _aBrief text and illustrations describe a rainstorm.
521 8 _a70
_bLexile estimate
521 8 _aA
_bRaz-Plus
650 0 _aRain and rainfall
_xJuvenile literature.
650 1 _aRain and rainfall.
700 1 _aCrews, Donald.
_eillustrator
906 _a7
_bcbc
_corignew
_d1
_eocip
_f19
_gy-gencatlg
942 _2ddc
_cBK
_n0
999 _c6417
_d6417